00750nam a2200241 a 450000100060000000300080000600500170001400800410003103500190007204000420009104100080013308200250014110000380016624500830020425000160028726000440030330000360034750000180038365000210040165000360042270000260045870000240048455526BD-RjUL20211209080258.0161119s1951 enka b 001 0 eng  a(BD-RjUL)55649 aDLCcWSUdOCLdSERdZCUdBD-RjULbeng aeng a658.86bBEW 19512231 aBeckman, Theodore N.,d1895-1973.10aWholesaling : principles and practicecTheodore N. Beckman, Nathanael H. Engle aRevised ed. aNew York : bRonald Press Co., cc 1951 axvi, 746 p. : bill. ; c24 cm. aInclude index 0aWholesale trade. 0aWholesale tradezUnited States. aEngle , Nathanael H.  aBuzzell, Robert D.